Law Relating to The Negotiable Instruments Act/ (Record no. 199126)

MARC details
000 -LEADER
fixed length control field 00814nam a22002177a 4500
005 - DATE AND TIME OF LATEST TRANSACTION
control field 20231116172103.0
010 ## - LCCN (DPL NO)
LC control number ENG-138417
020 ## - INTERNATIONAL STANDARD BOOK NUMBER
Terms of availability 2495.00
International Standard Book Number 9789391211233
035 ## - SYSTEM CONTROL NUMBER
System control number EN-121949
037 ## - SOURCE OF ACQUISITION
Source of stock number/acquisition DBAD
082 ## - DEWEY DECIMAL CLASSIFICATION NUMBER
Classification number 346.09
Edition number Fourteenth
100 ## - MAIN ENTRY--PERSONAL NAME
Personal name Aiyar, S Krishnamurthi
245 ## - TITLE STATEMENT
Title Law Relating to The Negotiable Instruments Act/
Statement of responsibility, etc By S Krishnamurthi Aiyar Edited By S.K Sarvaria and Apoorv Sarvaria
Medium English
250 ## - EDITION STATEMENT
Edition statement Fourteenth
260 ## - PUBLICATION, DISTRIBUTION, ETC. (IMPRINT)
Place of publication, distribution, etc Gurgaon
Name of publisher, distributor, etc Eastern Law House
Date of publication, distribution, etc 2022
270 ## - ADDRESS
Address 14th FLoor, Building No.10,Tower-B,DLF Cyber City, Phase-II
City Haryana
Postal code 122002
Telephone number +911244774444
Electronic mail address help.in@lexisnexis.com
Fax number +911244774100
300 ## - PHYSICAL DESCRIPTION
Extent vp.
Dimensions 24cm(hbk)
700 ## - ADDED ENTRY--PERSONAL NAME
Personal name Sarvaria , S.K
9 (RLIN) 58801
700 ## - ADDED ENTRY--PERSONAL NAME
Personal name Sarvaria, Apoorv
9 (RLIN) 58802
942 ## - ADDED ENTRY ELEMENTS (KOHA)
Source of classification or shelving scheme Dewey Decimal Classification
Item type English Books
Classification part 346.09
Call number suffix AIY
Holdings
Withdrawn status Lost status Not for loan Collection code Home library Current library Date acquired Source of acquisition Cost, normal purchase price Full call number Barcode Copy number Cost, replacement price Koha item type
    Not For Loan Reference Bawana Bawana 16/11/2023 DBAD/PUB 2495.00 346.09 AIY EN-121949 1 2495.00 English Books

© Delhi Public Library
Hit Counter
free hit counter